[Event "BEL-chT 0809"]
[Site "Belgium"]
[Date "2009.01.18"]
[Round "7.8"]
[White "Lanneau, Bertrand"]
[Black "Godart, Francois"]
[Result "0-1"]
[WhiteElo "2183"]
[BlackElo "2045"]
[PlyCount "68"]
[EventDate "2008.10.05"]
[EventType "team-tourn"]
[EventRounds "11"]
[EventCountry "BEL"]
[SourceTitle "EXT 2010"]
[Source "ChessBase"]
[SourceDate "2010.11.25"]
[SourceVersion "1"]
[SourceVersionDate "2010.11.25"]
[SourceQuality "1"]
[WhiteTeam "Namur"]
[BlackTeam "Charleroi CREC"]
[WhiteTeamCountry "BEL"]
[BlackTeamCountry "BEL"]

1. e4 c6 2. c4 d5 3. exd5 cxd5 4. d4 Nf6 5. Nc3 e6 6. c5 Be7 7. Bf4 0-0 8. Nb5 Nc6 9. a3 a6 10. Nc3 Ne4 11. Qd3 Qa5 12. Nge2 e5 13. Bd2 Nb4 14. Qb1 Nxd2 15. Kxd2 exd4 16. Nxd4 Qxc5 17. Nce2 Nc6 18. b4 Qb6 19. Nxc6 bxc6 20. Ke1 Bf6 21. Ra2 Re8 22. Qd3 a5 23. b5 Qxb5 24. Qxb5 cxb5 25. Kd2 Bb7 26. Nc1 b4 27. Bb5 Rec8 28. f4 Bc3+ 29. Kd3 d4 30. Rd1 Bd5 31. Rf2 Rab8 32. a4 b3 33. Ne2 b2 34. Nxc3 dxc3 0-1

[Event "BEL-chT 0809"]
[Site "Belgium"]
[Date "2008.12.07"]
[Round "5.6"]
[White "Lanneau, Bertrand"]
[Black "Safranska, Anda"]
[Result "1/2-1/2"]
[WhiteElo "2183"]
[BlackElo "2300"]
[PlyCount "73"]
[EventDate "2008.10.05"]
[EventType "team-tourn"]
[EventRounds "11"]
[EventCountry "BEL"]
[SourceTitle "EXT 2010"]
[Source "ChessBase"]
[SourceDate "2010.11.25"]
[SourceVersion "1"]
[SourceVersionDate "2010.11.25"]
[SourceQuality "1"]
[WhiteTeam "Namur"]
[BlackTeam "Bredene"]
[WhiteTeamCountry "BEL"]
[BlackTeamCountry "BEL"]

1. e4 g6 2. d4 Bg7 3. f4 d5 4. e5 Nh6 5. Nf3 Bg4 6. h3 Bxf3 7. Qxf3 f6 8. g4 fxe5 9. fxe5 e6 10. Be3 c5 11. c3 Nc6 12. Na3 cxd4 13. cxd4 Qa5+ 14. Kd1 a6 15. Qf2 Nf7 16. Rc1 0-0 17. Qd2 Qxd2+ 18. Kxd2 Bh6 19. Bxh6 Nxh6 20. Nc2 Rf4 21. Ke3 Raf8 22. Be2 g5 23. Rhf1 Kg7 24. Rf3 Rxf3+ 25. Bxf3 Ng8 26. Ne1 Nge7 27. Nd3 b6 28. Be2 a5 29. a4 Rc8 30. Rc2 h5 31. Rc1 Rf8 32. Rf1 Rxf1 33. Bxf1 hxg4 34. hxg4 Ng6 35. Be2 Nh4 36. Ne1 Nb4 37. Kd2 1/2-1/2

[Event "BEL-chT 0809"]
[Site "Belgium"]
[Date "2008.11.23"]
[Round "4.5"]
[White "Lanneau, Bertrand"]
[Black "Van Beek, Alexander"]
[Result "1/2-1/2"]
[WhiteElo "2183"]
[BlackElo "2400"]
[PlyCount "85"]
[EventDate "2008.10.05"]
[EventType "team-tourn"]
[EventRounds "11"]
[EventCountry "BEL"]
[SourceTitle "CBM 127 Extra"]
[Source "ChessBase"]
[SourceDate "2009.01.08"]
[SourceVersion "2"]
[SourceVersionDate "2009.01.28"]
[SourceQuality "1"]
[WhiteTeam "Namur"]
[BlackTeam "Bredene II"]
[WhiteTeamCountry "BEL"]
[BlackTeamCountry "BEL"]

1. e4 c6 2. c4 d5 3. exd5 cxd5 4. d4 Nf6 5. Nc3 e6 6. c5 Nc6 7. Bf4 Ne4 8. Rc1 e5 9. Bxe5 Nxe5 10. dxe5 Nxc3 11. Rxc3 d4 12. Qa4+ Bd7 13. Qxd4 Qa5 14. a3 Rd8 15. Qe3 b6 16. b4 Qa4 17. Be2 a5 18. Bd1 Qb5 19. Qe2 axb4 20. Qxb5 Bxb5 21. axb4 bxc5 22. bxc5 Rd5 23. Nf3 Bxc5 24. Bb3 Bb4 25. Bxd5 Bxc3+ 26. Kd1 Ke7 27. Kc2 Rc8 28. Kb3 Ba5 29. Ra1 Bb6 30. Ra2 Rc5 31. Rd2 Ba5 32. Rd4 h6 33. Bc4 Bc6 34. Rf4 Bd5 35. Bxd5 Rxd5 36. Kc4 Rd1 37. Nd4 Bb6 38. Nf5+ Kf8 39. Kb5 Rb1+ 40. Kc6 Rb2 41. Nd6 Rxf2 42. Rxf2 Bxf2 43. Kd7 1/2-1/2

[Event "EU-Cup 23rd"]
[Site "Kemer"]
[Date "2007.10.09"]
[Round "7.5"]
[White "Lanneau, Bertrand"]
[Black "Keogh, Eamon"]
[Result "1-0"]
[WhiteElo "2167"]
[BlackElo "2095"]
[PlyCount "127"]
[EventDate "2007.10.03"]
[EventType "team-swiss"]
[EventRounds "7"]
[EventCountry "TUR"]
[SourceTitle "CBM 121"]
[Source "ChessBase"]
[SourceDate "2007.11.14"]
[SourceVersion "1"]
[SourceVersionDate "2007.11.14"]
[SourceQuality "1"]
[WhiteTeam "Namur"]
[BlackTeam "Kilkenny"]
[WhiteTeamCountry "BEL"]
[BlackTeamCountry "IRL"]

1. e4 e5 2. Nf3 d6 3. d4 exd4 4. Nxd4 Nf6 5. Nc3 Be7 6. Bc4 0-0 7. 0-0 Nc6 8. Re1 Nxd4 9. Qxd4 Be6 10. Bf4 Nh5 11. Be3 Bf6 12. Qd3 Be5 13. g3 g5 14. Qe2 Bxc4 15. Qxc4 c6 16. Ne2 Qe7 17. Nd4 Ng7 18. c3 Kh8 19. Rad1 g4 20. Bh6 Qf6 21. Be3 a6 22. Qd3 c5 23. Ne2 Ne6 24. Rf1 Rg8 25. Bc1 Qg6 26. f4 gxf3 27. Rxf3 Rad8 28. Nf4 Qg7 29. Nd5 f6 30. Rdf1 Rgf8 31. Kg2 Nc7 32. Ne3 Qf7 33. c4 Ne6 34. R3f2 Bd4 35. Rf5 Ng7 36. R5f3 Rde8 37. Nd5 Qg6 38. b3 Nh5 39. Be3 Qxe4 40. Bxd4 cxd4 41. Rd1 b5 42. Qxd4 bxc4 43. bxc4 Qc2+ 44. Rd2 Re2+ 45. Rxe2 Qxe2+ 46. Rf2 Qe5 47. Qxe5 dxe5 48. g4 Nf4+ 49. Nxf4 exf4 50. Rxf4 Kg7 51. c5 Rc8 52. Rc4 Rc6 53. Kf3 Kf7 54. Ke4 Ke6 55. Rc3 a5 56. Kd4 Rc8 57. Re3+ Kd7 58. Kd5 Rb8 59. Re6 Rg8 60. c6+ Kc8 61. h3 h5 62. gxh5 Rd8+ 63. Kc5 Rd2 64. h6 1-0

[Event "FRA-chT2B 0506"]
[Site "France"]
[Date "2006.04.02"]
[Round "11.3"]
[White "Prevot, Emmanuel"]
[Black "Lanneau, Bertrand"]
[Result "1/2-1/2"]
[WhiteElo "2230"]
[BlackElo "2192"]
[PlyCount "41"]
[EventDate "2005.10.27"]
[EventType "team-tourn"]
[EventRounds "11"]
[EventCountry "FRA"]
[SourceTitle "EXT 2006"]
[Source "ChessBase"]
[SourceDate "2005.11.24"]
[SourceVersion "1"]
[SourceVersionDate "2005.11.24"]
[SourceQuality "1"]
[WhiteTeam "Rosny sous Bois"]
[BlackTeam "Arras"]
[WhiteTeamCountry "FRA"]
[BlackTeamCountry "FRA"]

1. e4 d6 2. d4 Nf6 3. Nc3 g6 4. Nf3 Bg7 5. h3 0-0 6. Be3 Nc6 7. d5 Nb8 8. a4 c6 9. a5 e6 10. dxe6 fxe6 11. Be2 Qe7 12. 0-0 d5 13. Qc1 e5 14. exd5 cxd5 15. Bg5 Qe6 16. Re1 Nc6 17. Bb5 Ne4 18. Qd2 Qf7 19. Nh2 Be6 20. a6 Rfd8 21. Ne2 1/2-1/2

[Event "FRA-chT2B 0506"]
[Site "France"]
[Date "2006.01.15"]
[Round "6.4"]
[White "Camus de Solliers, Guillaume"]
[Black "Lanneau, Bertrand"]
[Result "1-0"]
[WhiteElo "2256"]
[BlackElo "2192"]
[PlyCount "85"]
[EventDate "2005.10.27"]
[EventType "team-tourn"]
[EventRounds "11"]
[EventCountry "FRA"]
[SourceTitle "EXT 2006"]
[Source "ChessBase"]
[SourceDate "2005.11.24"]
[SourceVersion "1"]
[SourceVersionDate "2005.11.24"]
[SourceQuality "1"]
[WhiteTeam "Rueil Malmaison"]
[BlackTeam "Arras"]
[WhiteTeamCountry "FRA"]
[BlackTeamCountry "FRA"]

1. d4 d6 2. c4 Nf6 3. Nc3 g6 4. Nf3 Bg7 5. g3 0-0 6. Bg2 c6 7. 0-0 d5 8. cxd5 cxd5 9. Ne5 Nc6 10. Nxc6 bxc6 11. b3 Nd7 12. Na4 Ba6 13. Bb2 Bb5 14. Nc3 Qb6 15. Nxb5 Qxb5 16. Rc1 Rac8 17. Qc2 e6 18. Ba3 Rfe8 19. Rfd1 Qa5 20. Bd6 Bf8 21. Bxf8 Kxf8 22. Rd3 Rc7 23. Rc3 Nb8 24. e4 Rd7 25. e5 Qb6 26. Qd2 Rc7 27. g4 Rec8 28. Rh3 c5 29. Rxh7 cxd4 30. Re1 Ke8 31. Qf4 Re7 32. Bf1 Rc2 33. h4 Rxa2 34. h5 gxh5 35. gxh5 Qb4 36. Rc1 Qxb3 37. Rh8+ Kd7 38. Rhc8 Qb6 39. Bb5+ Nc6 40. R8xc6 Qxb5 41. Rc7+ Ke8 42. Rc8+ Kd7 43. R1c7# 1-0

[Event "BEL-chT 0506"]
[Site "Belgium"]
[Date "2005.10.23"]
[Round "2"]
[White "Vanheirzeele, Daniel"]
[Black "Lanneau, Bertrand"]
[Result "1/2-1/2"]
[WhiteElo "2244"]
[BlackElo "2192"]
[PlyCount "53"]
[EventDate "2005.10.09"]
[EventType "team-tourn"]
[EventRounds "11"]
[EventCountry "BEL"]
[SourceTitle "EXT 2006"]
[Source "ChessBase"]
[SourceDate "2005.11.24"]
[SourceVersion "1"]
[SourceVersionDate "2005.11.24"]
[SourceQuality "1"]
[WhiteTeam "KGSRL"]
[BlackTeam "Namur"]
[WhiteTeamCountry "BEL"]
[BlackTeamCountry "BEL"]

1. d4 d6 2. Nf3 g6 3. c4 Nf6 4. Nc3 Bg7 5. e4 0-0 6. Be2 e5 7. Be3 Ng4 8. Bg5 f6 9. Bc1 Nc6 10. d5 Ne7 11. h3 Nh6 12. h4 Nf7 13. h5 f5 14. hxg6 Nxg6 15. g3 Bf6 16. Bd2 Ng5 17. Qc2 Nxf3+ 18. Bxf3 Bg5 19. Bxg5 Qxg5 20. Rh5 Qf6 21. 0-0-0 f4 22. g4 Rf7 23. Rdh1 a6 24. Qd1 Bd7 25. Qg1 Qe7 26. Qh2 Rg7 27. g5 1/2-1/2

[Event "FRA-chT2 0405"]
[Site "France"]
[Date "2005.02.06"]
[Round "7.6"]
[White "Lanneau, Bertrand"]
[Black "Kieffer, Christian"]
[Result "1-0"]
[WhiteElo "2173"]
[BlackElo "2160"]
[PlyCount "77"]
[EventDate "2004.10.10"]
[EventType "team-tourn"]
[EventRounds "11"]
[EventCountry "FRA"]
[SourceTitle "EXT 2006"]
[Source "ChessBase"]
[SourceDate "2005.11.24"]
[SourceVersion "1"]
[SourceVersionDate "2005.11.24"]
[SourceQuality "1"]
[WhiteTeam "Arras"]
[BlackTeam "Le Touquet"]
[WhiteTeamCountry "FRA"]
[BlackTeamCountry "FRA"]

1. e4 c5 2. Nf3 Nc6 3. d4 cxd4 4. Nxd4 e5 5. Nb5 d6 6. c4 Be7 7. N1c3 a6 8. Na3 Be6 9. Bd3 Rc8 10. 0-0 Bg5 11. Nd5 Bxc1 12. Rxc1 Nge7 13. Qb3 Nd4 14. Qxb7 Bxd5 15. cxd5 Rb8 16. Qxa6 0-0 17. Nc4 Ng6 18. Qxd6 Qg5 19. f4 Nxf4 20. Rxf4 exf4 21. Rf1 f3 22. Qg3 Qxg3 23. hxg3 fxg2 24. Kxg2 Rfc8 25. Kf2 Rc5 26. Ke3 Nc2+ 27. Bxc2 Rxc4 28. Bb3 Rc7 29. d6 Ra7 30. e5 g6 31. Rf2 Kg7 32. Bc4 Rbb7 33. b3 Ra3 34. Kd4 Rba7 35. Kc5 Rxa2 36. d7 R2a5+ 37. Kb6 Ra8 38. Rxf7+ Kh6 39. d8Q 1-0

[Event "Amay Elite"]
[Site "Amay"]
[Date "2004.05.07"]
[Round "7"]
[White "Lanneau, Bertrand"]
[Black "Verspecht, Thierry"]
[Result "1-0"]
[WhiteElo "2131"]
[BlackElo "2146"]
[PlyCount "51"]
[EventDate "2004.01.16"]
[EventType "tourn"]
[EventRounds "9"]
[EventCountry "BEL"]
[SourceTitle "EXT 2008"]
[Source "ChessBase"]
[SourceDate "2007.11.25"]
[SourceVersion "1"]
[SourceVersionDate "2007.11.25"]
[SourceQuality "1"]

1. e4 c5 2. Nf3 d6 3. d4 cxd4 4. Nxd4 Nf6 5. Nc3 a6 6. Bg5 e6 7. f4 Qb6 8. Nb3 Nc6 9. Bd3 Bd7 10. Qe2 0-0-0 11. 0-0-0 Be7 12. Bh4 Na5 13. e5 dxe5 14. fxe5 Nxb3+ 15. axb3 Ng8 16. Bf2 Qa5 17. Kb1 f5 18. Qe3 Nh6 19. h3 Nf7 20. Rhe1 Bb4 21. Bxf5 Nxe5 22. Qxe5 Qxe5 23. Rxe5 Bxc3 24. Rc5+ Kb8 25. Rxc3 exf5 26. Bb6 1-0

[Event "Amay Elite"]
[Site "Amay"]
[Date "2004.03.26"]
[Round "5"]
[White "Dal Borgo, Albin"]
[Black "Lanneau, Bertrand"]
[Result "0-1"]
[WhiteElo "2183"]
[BlackElo "2131"]
[PlyCount "152"]
[EventDate "2004.01.16"]
[EventType "tourn"]
[EventRounds "9"]
[EventCountry "BEL"]
[SourceTitle "EXT 2008"]
[Source "ChessBase"]
[SourceDate "2007.11.25"]
[SourceVersion "1"]
[SourceVersionDate "2007.11.25"]
[SourceQuality "1"]

1. d4 d6 2. e4 Nf6 3. Nc3 g6 4. g3 Bg7 5. Bg2 0-0 6. Nge2 Nbd7 7. h3 e5 8. Be3 c6 9. a4 Qe7 10. g4 b6 11. d5 Bb7 12. dxc6 Bxc6 13. Ng3 Rfd8 14. Nb5 Nc5 15. Nc3 Qb7 16. Bg5 Ncxe4 17. Ncxe4 Nxe4 18. Nxe4 Bxe4 19. f3 f6 20. fxe4 fxg5 21. Qd5+ Qxd5 22. exd5 e4 23. 0-0-0 e3 24. Rhe1 Be5 25. Re2 Rac8 26. b3 Rf8 27. c4 Rf2 28. Rxf2 exf2 29. Kc2 Re8 30. Kd3 Bf4 31. Be4 Kg7 32. Rf1 Bg3 33. b4 Kf6 34. Kd4 Rf8 35. Bg2 Ke7 36. Be4 Rf4 37. Ke3 Kf6 38. Bd3 h5 39. Be2 Ke5 40. Rd1 Bh2 41. b5 Bg1 42. Rf1 Rd4 43. Kf3 hxg4+ 44. hxg4 Rd2 45. Ke3 Ra2 46. Kf3 Ra3+ 47. Kg2 Kf4 48. Rc1 Ke3 49. Rc2 Rxa4 50. Bf1 Ra3 51. Be2 Kf4 52. Bd1 Rg3+ 53. Kf1 Re3 54. Be2 Kg3 55. Rd2 Rc3 56. Rd3+ Rxd3 57. Bxd3 Kxg4 58. Kg2 Kf4 59. Be2 Ke3 60. Bf1 Kd2 61. Kg3 g4 62. Kg2 Kd1 63. Kh1 Kd2 64. Kg2 Ke3 65. Kg3 Ke4 66. Kg2 Kf4 67. Bd3 g5 68. Be2 g3 69. Bf1 Bh2 70. Bd3 Ke3 71. Bf1 g4 72. Kh1 Kf3 73. c5 bxc5 74. b6 axb6 75. Bg2+ Ke3 76. Bf1 Kd4 0-1

[Event "Internet Section 10A g/8'+2\""]
[Site "Dos Hermanas"]
[Date "2004.03.10"]
[Round "2"]
[White "Lanneau, Bertrand"]
[Black "Saifan, Jaser Ibrahim"]
[Result "1-0"]
[WhiteElo "2121"]
[BlackElo "2046"]
[PlyCount "89"]
[EventDate "2004.03.10"]
[EventType "swiss (blitz)"]
[EventRounds "9"]
[EventCountry "ESP"]
[SourceTitle "EXT 2005"]
[Source "ChessBase"]
[SourceDate "2004.11.15"]
[SourceVersion "1"]
[SourceVersionDate "2004.11.15"]
[SourceQuality "1"]

1. e4 e5 2. Nf3 Nc6 3. d4 exd4 4. Nxd4 Nf6 5. Nxc6 dxc6 6. Qxd8+ Kxd8 7. e5 Nd5 8. a3 Bf5 9. c4 Nb6 10. Nc3 h6 11. Be3 g5 12. 0-0-0+ Ke7 13. Be2 Bg7 14. f4 gxf4 15. Bxf4 Nd7 16. Rhf1 Bg6 17. e6 fxe6 18. Bxc7 Be5 19. Rxd7+ Kxd7 20. Bxe5 Rhf8 21. Bf3 Ke7 22. Bg7 Rf7 23. Bxh6 Rh8 24. Bg5+ Kd6 25. h4 e5 26. Rd1+ Ke6 27. Ne4 Bxe4 28. Bxe4 Rf2 29. Bf3 Rf8 30. Be3 R2xf3 31. gxf3 Rxf3 32. Bxa7 Rf4 33. Rh1 Rxc4+ 34. Kd2 Kf7 35. h5 Rg4 36. h6 Kg8 37. h7+ Kh8 38. Bb8 Rg5 39. Ke3 c5 40. Ke4 c4 41. Bxe5+ Rxe5+ 42. Kxe5 b5 43. Kd4 b4 44. axb4 c3 45. bxc3 1-0

[Event "Charleroi op 2nd"]
[Site "Charleroi"]
[Date "2003.08.29"]
[Round "8.10"]
[White "Jourdain, Jean Francois"]
[Black "Lanneau, Bertrand"]
[Result "1/2-1/2"]
[WhiteElo "2100"]
[BlackElo "2167"]
[PlyCount "36"]
[EventDate "2003.08.23"]
[EventType "swiss"]
[EventRounds "9"]
[EventCountry "BEL"]
[SourceTitle "EXT 2004"]
[Source "ChessBase"]
[SourceDate "2003.11.25"]
[SourceVersion "1"]
[SourceVersionDate "2003.11.25"]
[SourceQuality "1"]

1. e4 d6 2. d4 Nf6 3. Nc3 g6 4. f4 Bg7 5. Nf3 c5 6. dxc5 Qa5 7. Bd3 Qxc5 8. Qe2 Bg4 9. Be3 Qa5 10. 0-0 Nc6 11. h3 Bxf3 12. Qxf3 Nd7 13. Nd1 Nc5 14. Qf2 Nb4 15. Qd2 Qb6 16. Nf2 Nbxd3 17. cxd3 Qa6 18. d4 Nd7 1/2-1/2

[Event "Metz op 21st"]
[Site "Metz"]
[Date "2003.04.23"]
[Round "5"]
[White "Kohlweyer, Bernd"]
[Black "Lanneau, Bertrand"]
[Result "1/2-1/2"]
[WhiteElo "2454"]
[BlackElo "2172"]
[PlyCount "131"]
[EventDate "2003.04.19"]
[EventType "swiss"]
[EventRounds "9"]
[EventCountry "FRA"]
[SourceTitle "CBM 093 Extra"]
[Source "ChessBase"]
[SourceDate "2003.05.09"]
[SourceVersion "1"]
[SourceVersionDate "2003.05.09"]
[SourceQuality "1"]

1. d4 d6 2. Nf3 g6 3. c4 Bg7 4. Nc3 Nf6 5. e4 0-0 6. Be2 e5 7. d5 a5 8. Nd2 Na6 9. h4 Nc5 10. h5 Nxh5 11. Bxh5 Nd3+ 12. Kf1 gxh5 13. Qxh5 h6 14. Nf3 Nxc1 15. Rxc1 f5 16. Nh4 Qf6 17. Nxf5 Bxf5 18. Qxf5 Qxf5 19. exf5 Rxf5 20. Ne4 b6 21. Ke2 Rf4 22. f3 Kf7 23. Rh3 Rg8 24. Rch1 Bf8 25. R1h2 Rg6 26. b3 Kg7 27. Kd3 Be7 28. Rh5 Rf7 29. Ke2 Rf8 30. Kf2 Rf7 31. Rh1 Rf8 32. g3 Rf7 33. Ke2 Rf8 34. Ke3 Re8 35. Rf5 Rf8 36. Rxf8 Bxf8 37. a3 Kf7 38. b4 axb4 39. axb4 Be7 40. Kd3 Ke8 41. Rh3 Kf7 42. Nf2 Rg8 43. Ng4 Bf8 44. Ke4 Kg6 45. Rh2 Bg7 46. Ra2 Rf8 47. Ra7 Rf7 48. Ra8 h5 49. Nf2 h4 50. gxh4 Rf4+ 51. Ke3 Rxc4 52. Ne4 Rxb4 53. Rc8 Rc4 54. Kd3 Rd4+ 55. Kc2 Rxd5 56. Rxc7 b5 57. Nc3 Rc5 58. Rxc5 dxc5 59. Nxb5 Bf6 60. Kd3 Bxh4 61. Ke4 Bg3 62. Nc3 Kf6 63. Na4 Bf2 64. Nxc5 Bxc5 65. f4 exf4 66. Kxf4 1/2-1/2

[Event "FRA-chT2S 0203"]
[Site "France"]
[Date "2003.04.06"]
[Round "11.8"]
[White "Lanneau, Bertrand"]
[Black "Lam, Sophie"]
[Result "0-1"]
[WhiteElo "2168"]
[BlackElo "2074"]
[PlyCount "132"]
[EventDate "2002.10.??"]
[EventType "team-tourn"]
[EventRounds "11"]
[EventCountry "FRA"]
[SourceTitle "EXT 2004"]
[Source "ChessBase"]
[SourceDate "2003.11.25"]
[SourceVersion "1"]
[SourceVersionDate "2003.11.25"]
[SourceQuality "1"]
[WhiteTeam "Arras"]
[BlackTeam "Creteil"]
[WhiteTeamCountry "FRA"]
[BlackTeamCountry "FRA"]

1. e4 c5 2. Nf3 Nc6 3. d4 cxd4 4. Nxd4 g6 5. c4 Nf6 6. Nc3 Bg7 7. Be3 d6 8. Be2 Bd7 9. 0-0 Nxd4 10. Bxd4 Bc6 11. Qd3 0-0 12. Rad1 b6 13. f4 Qd7 14. Bf3 Rad8 15. Qe2 Qb7 16. Nd5 b5 17. Nxf6+ exf6 18. Rfe1 Rfe8 19. cxb5 Bxb5 20. Qc2 Bc6 21. Re3 f5 22. Bxg7 Kxg7 23. Qc3+ Kg8 24. exf5 Qb6 25. Kf2 Bxf3 26. Kxf3 Rxe3+ 27. Qxe3 Qxb2 28. Qxa7 Re8 29. Qa6 Qc2 30. Qd3 Qxa2 31. fxg6 hxg6 32. Rd2 Qa8+ 33. Qd5 Qa7 34. Qd4 Qe7 35. Qxd6 Qe4+ 36. Kg3 Qf5 37. Rd3 Re6 38. Qd8+ Kg7 39. Qd4+ Kh7 40. Qd5 Re3+ 41. Rxe3 Qxd5 42. Rf3 Qh5 43. h3 Qd5 44. Re3 Kg7 45. Kf2 Qd2+ 46. Kf3 f5 47. Re2 Qd5+ 48. Kf2 Kf6 49. Re3 Qa2+ 50. Kf3 g5 51. fxg5+ Kxg5 52. g3 Qd5+ 53. Kf2 Qh1 54. Rd3 Qxh3 55. Rd4 Qh2+ 56. Kf3 Qc2 57. Rf4 Qd2 58. Rh4 Kf6 59. Rf4 Ke5 60. Rh4 Qe1 61. Kg2 Qe2+ 62. Kg1 Qf3 63. Kh2 Qf2+ 64. Kh3 Qg1 65. g4 Qh1+ 66. Kg3 f4+ 0-1

[Event "FRA-chT2S 0203"]
[Site "France"]
[Date "2003.??.??"]
[Round "7.7"]
[White "Lanneau, Bertrand"]
[Black "Akl, Nabil"]
[Result "0-1"]
[WhiteElo "2168"]
[BlackElo "2191"]
[PlyCount "124"]
[EventDate "2002.10.??"]
[EventType "team-tourn"]
[EventRounds "11"]
[EventCountry "FRA"]
[SourceTitle "EXT 2004"]
[Source "ChessBase"]
[SourceDate "2003.11.25"]
[SourceVersion "1"]
[SourceVersionDate "2003.11.25"]
[SourceQuality "1"]
[WhiteTeam "Arras"]
[BlackTeam "Issy les Moulineaux"]
[WhiteTeamCountry "FRA"]
[BlackTeamCountry "FRA"]

1. e4 c6 2. d4 d5 3. e5 Na6 4. f4 h5 5. Nf3 g6 6. Be2 Nh6 7. 0-0 Nc7 8. b3 Bg4 9. h3 Bf5 10. Be3 e6 11. Bf2 Be7 12. c4 Kf8 13. Nc3 Ne8 14. Qd2 Rc8 15. c5 b6 16. b4 a5 17. Na4 b5 18. Nb6 a4 19. Nxc8 Qxc8 20. Kh2 Qd8 21. g3 Be4 22. Qc3 Ng7 23. Nd2 Bf5 24. Kg2 Rg8 25. Rh1 g5 26. fxg5 Bxg5 27. Rag1 Bg6 28. Bf3 Ngf5 29. Kf1 h4 30. g4 Ng3+ 31. Bxg3 hxg3 32. Rxg3 Bh4 33. Rgg1 f6 34. exf6 Qxf6 35. Ke2 Nf7 36. Rf1 Qe7 37. Kd1 Kg7 38. Bg2 Ng5 39. Rf4 Re8 40. Qe3 e5 41. dxe5 Qxe5 42. Qxe5+ Rxe5 43. Nf3 Nxf3 44. Bxf3 Re3 45. Rf1 Bg3 46. Rd4 Be5 47. Rd2 Bc3 48. Re2 Rd3+ 49. Kc1 Bxb4 50. Re6 Ba3+ 51. Kc2 Re3+ 52. Rxg6+ Kxg6 53. h4 Bxc5 54. g5 Ra3 55. Kb1 Bd4 56. Bg4 b4 57. Bd7 b3 58. Be8+ Kg7 59. Rf7+ Kg8 60. axb3 axb3 61. Kc1 Ra1+ 62. Kd2 b2 0-1

[Event "BEL-chT 0203"]
[Site "Belgium"]
[Date "2002.12.23"]
[Round "5.8"]
[White "Lanneau, Bertrand"]
[Black "Petzold, Klaus"]
[Result "0-1"]
[WhiteElo "2168"]
[BlackElo "2260"]
[PlyCount "62"]
[EventDate "2002.10.06"]
[EventType "team-tourn"]
[EventRounds "11"]
[EventCountry "BEL"]
[SourceTitle "EXT 2004"]
[Source "ChessBase"]
[SourceDate "2003.11.25"]
[SourceVersion "1"]
[SourceVersionDate "2003.11.25"]
[SourceQuality "1"]
[WhiteTeam "Charleroi CREC"]
[BlackTeam "Rochade"]
[WhiteTeamCountry "BEL"]
[BlackTeamCountry "BEL"]

1. e4 c6 2. d4 d5 3. Nc3 dxe4 4. Nxe4 Nd7 5. Nf3 Ngf6 6. Nxf6+ Nxf6 7. Ne5 Be6 8. Be2 g6 9. 0-0 Bg7 10. c3 0-0 11. f4 Qc7 12. Nd3 Rad8 13. Nc5 Bc8 14. Qc2 b6 15. Ne4 Nd5 16. Bd2 Bf5 17. Bd3 c5 18. dxc5 bxc5 19. b3 Nb6 20. Nf2 Rxd3 21. Nxd3 Rd8 22. Rf3 Qd6 23. Be1 Bxd3 24. Qd2 Be4 25. Qxd6 Rxd6 26. Re3 f5 27. g3 Nd5 28. Re2 Nxc3 29. Bxc3 Bxc3 30. Rc1 Bd4+ 31. Kf1 Bd3 0-1

[Event "Marchienne au Pont IM"]
[Site "Marchienne au Pont"]
[Date "2002.08.19"]
[Round "5"]
[White "Lanneau, Bertrand"]
[Black "Foisor, Cristina Adela B"]
[Result "0-1"]
[WhiteElo "2159"]
[BlackElo "2419"]
[PlyCount "96"]
[EventDate "2002.08.15"]
[EventType "swiss"]
[EventRounds "9"]
[EventCountry "BEL"]
[EventCategory "3"]
[SourceTitle "EXT 2003"]
[Source "ChessBase"]
[SourceDate "2002.11.25"]
[SourceVersion "1"]
[SourceVersionDate "2002.11.25"]
[SourceQuality "1"]

1. e4 g6 2. d4 Bg7 3. f4 c6 4. Nf3 d6 5. Bd3 Qb6 6. c3 d5 7. e5 Nh6 8. 0-0 0-0 9. h3 f6 10. Qe2 Na6 11. Be3 Nc7 12. Nh4 Nf5 13. Nxf5 Bxf5 14. Bxf5 gxf5 15. Rf2 Kh8 16. Kh2 Ne6 17. Qd3 fxe5 18. dxe5 Qc7 19. Nd2 Rad8 20. Nf3 c5 21. Rd1 b6 22. Kh1 Qc8 23. Qc2 Bh6 24. g3 Nc7 25. Qa4 Qb7 26. Kh2 a5 27. Rg1 Ne6 28. Rd1 Bg7 29. Qc2 d4 30. cxd4 Qe4 31. Qd3 Rd5 32. Qxe4 fxe4 33. Ng5 Nxg5 34. fxg5 Rxf2+ 35. Bxf2 Bxe5 36. Re1 Bxd4 37. Kg2 Bxb2 38. Rxe4 e5 39. Kf3 Bd4 40. Be1 c4 41. Re2 c3 42. Rc2 b5 43. Bxc3 Rc5 44. Bxd4 Rxc2 45. Bxe5+ Kg8 46. a3 b4 47. axb4 axb4 48. Ke3 b3 0-1

[Event "BEL FEFB-ch"]
[Site "Charleroi"]
[Date "2000.06.12"]
[Round "7"]
[White "Lanneau, Bertrand"]
[Black "Verspecht, Thierry"]
[Result "1/2-1/2"]
[WhiteElo "2142"]
[BlackElo "2136"]
[PlyCount "53"]
[EventDate "2000.06.??"]
[EventType "swiss"]
[EventRounds "7"]
[EventCountry "BEL"]
[SourceTitle "EXT 2003"]
[Source "ChessBase"]
[SourceDate "2002.11.25"]
[SourceVersion "1"]
[SourceVersionDate "2002.11.25"]
[SourceQuality "1"]

1. e4 d6 2. d4 Nf6 3. Nc3 g6 4. f4 Bg7 5. Nf3 c5 6. dxc5 Qa5 7. Bd3 Qxc5 8. Qe2 Nc6 9. Be3 Qa5 10. 0-0 Bg4 11. h3 Bxf3 12. Qxf3 0-0 13. a3 Nd7 14. Bd2 Qb6+ 15. Kh1 Nc5 16. Rab1 Nxd3 17. cxd3 e6 18. g4 f5 19. gxf5 exf5 20. Nd5 Qb3 21. Bc3 Rae8 22. h4 fxe4 23. dxe4 Nd4 24. Qg2 Qc2 25. Rbe1 Qxg2+ 26. Kxg2 Nc6 27. Rf3 1/2-1/2

[Event "BEL FEFB-ch"]
[Site "Charleroi"]
[Date "2000.06.01"]
[Round "1"]
[White "Lanneau, Bertrand"]
[Black "Laurent, Bruno"]
[Result "0-1"]
[WhiteElo "2142"]
[BlackElo "2300"]
[PlyCount "48"]
[EventDate "2000.06.??"]
[EventType "swiss"]
[EventRounds "7"]
[EventCountry "BEL"]
[SourceTitle "EXT 2003"]
[Source "ChessBase"]
[SourceDate "2002.11.25"]
[SourceVersion "1"]
[SourceVersionDate "2002.11.25"]
[SourceQuality "1"]

1. e4 e6 2. d4 d5 3. Nd2 Be7 4. e5 c5 5. c3 Nc6 6. Nb3 f5 7. exf6 Nxf6 8. Nxc5 Bxc5 9. dxc5 0-0 10. Bd3 Qe7 11. Be3 e5 12. Ne2 Ng4 13. Qd2 d4 14. Bc4+ Be6 15. Bxe6+ Qxe6 16. cxd4 exd4 17. Nxd4 Nxd4 18. Qxd4 Rad8 19. Qc3 Rxf2 20. h3 Rdd2 21. hxg4 Rfe2+ 22. Kf1 Qf7+ 23. Bf4 Qxf4+ 24. Qf3 Rf2+ 0-1